[Event "FRG-ch International"]
[Site "Mannheim"]
[Date "1975.??.??"]
[Round "7"]
[White "Gerusel, Mathias"]
[Black "Sosonko, Gennadi"]
[Result "1/2-1/2"]
[WhiteElo "2440"]
[BlackElo "2470"]

1.Nf3 d5 2.c4 e6 3.g3 Nf6 4.Bg2 dxc4 5.Qa4+ Nbd7 6.Qxc4 c5 7.b3 a6 8.Qc2 b6
9.Bb2 Bb7 10.O-O Rc8 11.d3 Be7 12.Nbd2 O-O 13.Rac1 b5 14.Qb1  1/2-1/2

[Event "USA-ch"]
[Site "Oberlin"]
[Date "1975.??.??"]
[Round "1"]
[White "Rogoff, Kenneth"]
[Black "Commons, Kim S"]
[Result "1/2-1/2"]
[WhiteElo "2445"]
[BlackElo "2415"]

1.Nf3 d5 2.c4 e6 3.d4 Nf6 4.Nc3 Be7 5.Bg5 O-O 6.e3 Nbd7 7.cxd5 Nxd5 8.Bxe7 Qxe7
9.Rc1 Nxc3 10.Rxc3 c5 11.Bb5 cxd4 12.Qxd4 Nf6 13.O-O Rd8 14.Qh4 Nd5 15.Qxe7 Nxe7
16.Rfc1 Bd7 17.Bxd7 Rxd7 18.Ne5 Rdd8 19.Rc7 Rac8 20.Kf1 f6 21.Nd3 Nc6 22.Rxc8 Rxc8
23.Ke2 Kf7  1/2-1/2

[Event "Pula zt"]
[Site "Pula"]
[Date "1975.??.??"]
[Round "?"]
[White "Bukic, Enver"]
[Black "Urzica, Aurel"]
[Result "1/2-1/2"]
[WhiteElo "2455"]
[BlackElo "2250"]

1.Nf3 d5 2.c4 e6 3.g3 Nf6 4.Bg2 Be7 5.O-O O-O 6.d4 Nbd7 7.Qc2 c6 8.Nbd2 b6
9.e4 dxe4 10.Nxe4 Nxe4 11.Qxe4 Bb7 12.Rd1 Qc8 13.Qc2 h6 14.Bf4 c5 15.d5 exd5
16.cxd5 Bf6 17.Rac1 Qd8 18.a3 Rc8 19.b3 b5 20.Bh3 Re8 21.Qd3 Ba6 22.Qf5 Re7
23.Bd6 Re2 24.Qxd7 Qxd7 25.Bxd7 Rd8 26.Bxb5 Bxb5 27.Bxc5 Rb2 28.Nd4 Bxd4
29.Rxd4 Rxb3 30.Be7 Rd7 31.Bb4 a5 32.Bc5 Be2 33.d6 Bf3 34.g4 f6 35.h3 h5
36.gxh5 Bxh5 37.Kh2 Kf7 38.Re4 Bf3 39.Re7+ Rxe7 40.dxe7 Bc6 41.Bd6 Bd7 42.Rc7 Be8
43.Ra7 Rd3 44.Bc5 a4 45.Bb4 Rf3 46.Kg2 Rf5 47.Rc7 g6 48.h4 Rh5 49.Kg3 Rf5
50.Rc8 Re5 51.Rc4 Rf5 52.Rd4 Ke6 53.f3 Kf7 54.Kf2 Bc6 55.Rd8 Be8 56.Kg3 Re5
57.Kg4 Rf5 58.Ra8 Re5 59.Rd8 Rf5 60.f4 Rb5 61.Rd2 Rh5 62.Kg3 Rb5 63.Rd6 Rf5
64.Rd8 Rb5 65.Kg4 Rf5 66.Rd2  1/2-1/2

[Event "URS-chT"]
[Site "Riga"]
[Date "1975.??.??"]
[Round "?"]
[White "Mochalov, Evgeny V"]
[Black "Grushevsky, Alexander V"]
[Result "1/2-1/2"]
[WhiteElo "2200"]
[BlackElo "2200"]

1.Nf3 d5 2.c4 e6 3.g3 Nf6 4.Bg2 Be7 5.O-O O-O 6.d4 dxc4 7.Ne5 c5 8.dxc5 Bxc5
9.Qxd8 Rxd8 10.Nxc4 Nc6 11.Nc3 Nd5 12.Rd1 Nxc3 13.Rxd8+ Nxd8 14.bxc3 f6 15.Rb1 Rb8
16.Ba3 Bxa3 17.Nxa3 Bd7 18.Rd1 Be8 19.Kf1 Kf8 20.Ke1 Ke7 21.Rb1 Bc6 22.Bxc6 Nxc6
23.Nc4 Nd8 24.Kd2 Rc8 25.Na5 b6 26.Nb3 Rc4 27.Nd4 Ra4 28.Rb2 g6 29.Kc2 e5
30.Nb5 Nb7 31.Kb1 Kd7 32.Rb4 Ra5 33.Kb2 Nc5 34.f3 Kc6 35.Na3 Na4+ 36.Kb3 Nc5+
37.Kb2 Na4+  1/2-1/2

[Event "URS-chT"]
[Site "Riga"]
[Date "1975.??.??"]
[Round "?"]
[White "Ilinsky, Vladimir"]
[Black "Zakharian, V."]
[Result "1/2-1/2"]
[WhiteElo "2200"]
[BlackElo "2200"]

1.Nf3 d5 2.c4 c6 3.d4 Nf6 4.Nc3 dxc4 5.a4 Bg4 6.Ne5 Bh5 7.f3 Nfd7 8.Nxc4 e5
9.Ne4 Bb4+ 10.Bd2 Qe7 11.Bxb4 Qxb4+ 12.Qd2 Qxd2+ 13.Kxd2 exd4 14.Ned6+ Ke7
15.Nf5+ Kf8 16.Nxd4 Na6 17.e4 Ndc5 18.Kc3 Rd8 19.Be2 Rxd4 20.Kxd4 Nb3+ 21.Kc3 Nxa1
22.Rxa1 Nc5 23.g4 Bg6 24.Na5 h5 25.g5 h4 26.b4 Ne6 27.Nxb7 Ke7 28.Na5 Rc8
29.Rg1 Nf4 30.Bc4 Bh5 31.Rf1 Kd6 32.Kd4 f6 33.gxf6 gxf6 34.Rd1 Ng2 35.Rd2 h3
36.Rf2 Rb8 37.b5 cxb5 38.axb5 Be8 39.Rb2 Nf4 40.Bf1 Bd7 41.Nc4+ Kc7 42.Ne3 Kd6
43.Nc4+ Ke7 44.Ne3 Ne6+ 45.Kc3 Nc7 46.Nd5+ Nxd5+ 47.exd5 Kd6 48.Kd4 Rh8 49.Ra2 Rh4+
50.Ke3 Rb4 51.Rxa7 Rb2 52.Ra6+ Kxd5 53.Rxf6 Rxh2 54.Rh6 Rb2 55.b6 h2 56.Bd3 Rxb6
57.Be4+ Kc5 58.Rxh2 Rb3+ 59.Kf4 Kd6 60.Rh6+ Ke7 61.Ke5 Rb5+ 62.Bd5 Ra5  1/2-1/2

[Event "SWE-ch"]
[Site "?"]
[Date "1975.??.??"]
[Round "?"]
[White "Ornstein, Axel"]
[Black "Bengtsson, Bo"]
[Result "0-1"]
[WhiteElo "2430"]
[BlackElo "2200"]

1.Nf3 d5 2.c4 e6 3.b3 Nf6 4.g3 Be7 5.Bg2 c5 6.O-O Nc6 7.Bb2 d4 8.e3 e5 9.b4 cxb4
10.exd4 exd4 11.d3 a5 12.Nbd2 a4 13.Re1 O-O 14.Ne5 Nxe5 15.Rxe5 a3 16.Bc1 Bd6
17.Rb5 Ra5 18.Rxa5 Qxa5 19.Nb3 Qf5 20.Nxd4 Qe5 21.Nc2 Bg4 22.Qe1 Qh5 23.Be3 Re8
24.Qd2 Bf3 25.h3 Bxg2 26.Kxg2 Qg6 27.Bd4 Nh5 28.Re1 Rxe1 29.Nxe1 Nf4+ 30.Kf1 Ne6
31.Be3 Qf5 32.Kg2 h5 33.Nf3 b5 34.Qc2 Bc5 35.cxb5 Bxe3 36.fxe3 Qxb5 37.d4 g5
38.Ne5 Qd5+ 39.Kh2 f6 40.Nd3 h4 41.gxh4 gxh4 42.Ne1 Qd6+ 43.Kg1 Ng5 44.Kf1 Kg7
45.Ng2 Qh2 46.Qc6 Qxh3 47.Ke1 Qf3 48.Qc7+ Kh6 49.Nf4 Qxe3+  0-1

[Event "Aarhus"]
[Site "Aarhus"]
[Date "1976.??.??"]
[Round "?"]
[White "Sloth, Jorn"]
[Black "Rukavina, Josip"]
[Result "1/2-1/2"]
[WhiteElo "2380"]
[BlackElo "2380"]

1.Nf3 d5 2.c4 e6 3.d4 Nf6 4.g3 c5 5.cxd5 Nxd5 6.Bg2 Nc6 7.O-O Be7 8.dxc5 Bxc5
9.Qc2 Be7 10.Rd1 Bd7 11.Nc3 Nxc3 12.Qxc3 Bf6 13.Qd3 Qc7 14.Bg5 Rd8 15.Bxf6 gxf6
16.Nd4 O-O 17.Qc3 e5 18.Nxc6 Bxc6 19.Bxc6 Qxc6 20.Qxc6 bxc6 21.Rac1 Rxd1+
22.Rxd1 Rb8 23.b3 Rb6 24.Kg2 Ra6 25.Rd2 Ra3 26.Rc2 a5 27.Kf1 c5 28.Ke1 a4
29.bxa4 Rxa4 30.Kd2 Kf8 31.Kc3 Ke7 32.Rb2 h5 33.h4 f5 34.Rb7+ Ke6 35.Kb3 Re4
36.e3 f4 37.exf4 exf4 38.a4 fxg3 39.fxg3 Rg4 40.a5 Kd5 41.Rxf7 Rxg3+ 42.Kb2 Rg2+  1/2-1/2

[Event "Tungsram"]
[Site "Budapest"]
[Date "1976.??.??"]
[Round "?"]
[White "Spiridonov, Nikola"]
[Black "Westerinen, Heikki MJ"]
[Result "1-0"]
[WhiteElo "2490"]
[BlackElo "2485"]

1.Nf3 d5 2.c4 d4 3.g3 Nc6 4.d3 e5 5.Bg2 Nf6 6.O-O Nd7 7.e3 Be7 8.exd4 exd4
9.Re1 O-O 10.Nbd2 a5 11.a3 a4 12.b4 axb3 13.Nxb3 Nb6 14.Ne5 Nxe5 15.Rxe5 Bf6
16.Ra5 Rb8 17.a4 Re8 18.Ra7 Nd7 19.Rb1 Ne5 20.Bf4 Bg4 21.f3 Nc6 22.Rxb7 Rxb7
23.fxg4 Rb6 24.a5 Rxb3 25.Qxb3 Nxa5 26.Qa4 c6 27.Rb8 Qe7 28.Rxe8+ Qxe8 29.Qxa5 g5
30.Bxg5 Qe2 31.Qa8+ Kg7 32.Bxf6+ Kxf6 33.Qd8+  1-0

[Event "Tungsram"]
[Site "Budapest"]
[Date "1976.??.??"]
[Round "?"]
[White "Szekely, Peter"]
[Black "Haag, Ervin"]
[Result "1/2-1/2"]
[WhiteElo "2460"]
[BlackElo "2430"]

1.Nf3 d5 2.c4 d4 3.d3 c5 4.g3 Nc6 5.Bg2 e5 6.O-O Nf6 7.e3 Be7 8.Re1 O-O 9.exd4 exd4
10.Ne5 Nxe5 11.Rxe5 Bd6 12.Re1 Qc7 13.Nd2 Bg4 14.Nf3 h6 15.Bd2 Rab8 16.Qc2 Nd7
17.Nh4 g5 18.h3 Be6 19.Nf3 Bf5 20.Re2 a6 21.a4 Qd8 22.g4 Bg6 23.h4  1/2-1/2

[Event "Dubna"]
[Site "Dubna"]
[Date "1976.??.??"]
[Round "?"]
[White "Barczay, Laszlo"]
[Black "Savon, Vladimir A"]
[Result "0-1"]
[WhiteElo "2485"]
[BlackElo "2545"]

1.Nf3 d5 2.c4 d4 3.b4 c5 4.d3 cxb4 5.a3 b3 6.Nbd2 Nc6 7.g3 Nf6 8.Bg2 e5 9.O-O Be7
10.Nxb3 O-O 11.Ne1 Bf5 12.Nc2 Qd7 13.Bg5 Bh3 14.Bxf6 Bxf6 15.e4 dxe3 16.Bxh3 Qxh3
17.Nxe3 g6 18.Nd5 Bg7 19.Ra2 Rae8 20.Nc5 f5 21.Nxb7 f4 22.Nd6 f3 23.Ne3 e4
24.c5 Ne5  0-1

[Event "DDR-ch 25th"]
[Site "Groeditz"]
[Date "1976.??.??"]
[Round "4"]
[White "Espig, Lutz"]
[Black "Moehring, Guenther"]
[Result "1/2-1/2"]
[WhiteElo "2435"]
[BlackElo "2350"]

1.Nf3 d5 2.c4 e6 3.g3 Nf6 4.Bg2 c5 5.O-O Nc6 6.cxd5 Nxd5 7.d4 Be7 8.Nc3 O-O
9.Nxd5 exd5 10.Be3 c4 11.b3 Be6 12.Ne5 Nxe5 13.dxe5 cxb3 14.axb3 a5 15.Bd4 Qd7
16.Qd2 Bb4 17.Qb2 Rfc8 18.Rfc1 Rxc1+ 19.Rxc1 Rc8 20.Rxc8+ Qxc8 21.e3 g6 22.h4 h5
23.Kh2 Kf8 24.Bf3 Ke7 25.Kg2 Qc6 26.Qe2 Bf5 27.Kh2 Be4 28.Bxe4 dxe4 29.g4 hxg4
30.Qxg4 Qc2 31.Kg3 Qb1 32.Kg2 Qxb3 33.Qxe4 Ba3 34.e6 f5 35.Qe5 Qxe6 36.Qxa5 Bd6
37.Qb5 Qe4+ 38.Kg1 Qc6 39.Qb2 b5 40.Bf6+ Kd7 41.Qa2 Qc1+ 42.Kg2 Qc4 43.Qxc4 bxc4
44.Kf3 Ke6 45.Bg5 Kd5 46.Ke2 f4 47.exf4 Ke4 48.f3+ Kf5 49.Ke3 c3 50.Kd3 Bxf4
51.Kxc3 Bxg5 52.hxg5 Kf4 53.Kd2 Kxf3 54.Ke1  1/2-1/2

[Event "DDR-ch 25th"]
[Site "Groeditz"]
[Date "1976.??.??"]
[Round "5"]
[White "Gruenberg, Hans Ulrich"]
[Black "Rossmann, Helmut"]
[Result "1-0"]
[WhiteElo "2405"]
[BlackElo "2280"]

1.Nf3 d5 2.c4 e6 3.g3 Nf6 4.Bg2 c5 5.O-O Nc6 6.b3 Be7 7.Bb2 O-O 8.e3 d4 9.d3 e5
10.Re1 Bd6 11.Na3 a6 12.Nc2 Bd7 13.exd4 exd4 14.b4 b6 15.a4 a5 16.bxc5 bxc5
17.Na3 Nb4 18.Nb5 Ra6 19.Ng5 h6 20.Ne4 Nxe4 21.Bxe4 Bb8 22.Ba3 f5 23.Bb7 Raf6
24.Bxb4 axb4 25.a5 f4 26.a6 fxg3 27.fxg3 Bxb5 28.cxb5 Ba7 29.Qb3+ Kh8 30.Be4 Rf2
31.Rf1 Qf6 32.Bg2  1-0

[Event "DSV-Turnier"]
[Site "Halle"]
[Date "1976.??.??"]
[Round "?"]
[White "Boensch, Uwe"]
[Black "Spiridonov, Nikola"]
[Result "1/2-1/2"]
[WhiteElo "2365"]
[BlackElo "2490"]

1.Nf3 d5 2.c4 c6 3.cxd5 cxd5 4.d4 Nc6 5.Nc3 Nf6 6.Bf4 Bf5 7.e3 e6 8.Qb3 Qb6
9.Qxb6 axb6 10.Nh4 Bg4 11.f3 Bh5 12.g4 Bg6 13.Nxg6 hxg6 14.Bb5 Be7 15.Ke2 O-O
16.Rhc1 Rfc8 17.Bg3 Ne8 18.Na4 Bd8 19.b3 Kf8 20.Kd2 Ke7 21.a3 Nd6 22.Be2 Na5
23.Rxc8  1/2-1/2

[Event "Halle 10th (Women)"]
[Site "Halle"]
[Date "1976.??.??"]
[Round "1"]
[White "Borisova, Borislava"]
[Black "Kluss, Christel"]
[Result "1/2-1/2"]
[WhiteElo "2070"]
[BlackElo "2000"]

1.Nf3 d5 2.c4 Nf6 3.g3 g6 4.b3 Bg7 5.Bb2 c6 6.Na3 O-O 7.Rc1 Bg4 8.Bg2 Bxf3
9.Bxf3 Nbd7 10.O-O Rc8 11.d3 Qa5 12.Rc2 e5 13.cxd5 cxd5 14.Qc1 Rxc2 15.Qxc2 Nb6
16.Qc3 Qxc3 17.Bxc3 Nfd7 18.Bb4 Rc8 19.e4 dxe4 20.Bxe4 Nc5 21.Bxc5 Rxc5 22.Bxb7 Ra5
23.Nc4 Rxa2 24.Nxb6 axb6 25.Rc1 Ra5 26.Rc6 Rb5 27.Ba6 Rxb3 28.Bc4 Rb1+ 29.Kg2 b5
30.Rb6 Rb2 31.Rxb5 Rxb5  1/2-1/2

[Event "Halle 10th (Women)"]
[Site "Halle"]
[Date "1976.??.??"]
[Round "12"]
[White "Richtrova, Eliska"]
[Black "Kluss, Christel"]
[Result "0-1"]
[WhiteElo "2000"]
[BlackElo "2000"]

1.Nf3 d5 2.c4 c6 3.g3 Nf6 4.Bg2 dxc4 5.Qc2 b5 6.a4 Bb7 7.O-O e6 8.b3 cxb3
9.Qxb3 b4 10.a5 Be7 11.d4 O-O 12.Bd2 Na6 13.Rc1 Qd5 14.Qb2 Qb5 15.Ne5 Qxe2
16.Bf3 Qb5 17.Nxc6 Bd6 18.Bf4 Bxf4 19.gxf4 Rfe8 20.Bg2 Qf5 21.Qc2 Qxf4 22.Ne7+ Rxe7
23.Bxb7 Rc7 24.Bxa8 Qxc1+ 25.Qxc1 Rxc1+ 26.Kg2 b3 27.Bb7 Nc7  0-1

[Event "Lublin"]
[Site "Lublin"]
[Date "1976.??.??"]
[Round "10"]
[White "Szymczak, Zbigniew"]
[Black "Nikolac, Juraj"]
[Result "1/2-1/2"]
[WhiteElo "2400"]
[BlackElo "2485"]

1.Nf3 d5 2.c4 c6 3.d4 e6 4.e3 f5 5.Ne5 Nf6 6.Be2 Bd6 7.f4 O-O 8.O-O b6 9.b3 Qe7
10.Nc3 Bb7 11.Bb2 Nbd7 12.Qc2 Rac8 13.cxd5 cxd5 14.Rac1 a6 15.Bd3 Ne4 16.Qe2 Nxe5
17.fxe5 Ba3 18.Bxe4 dxe4 19.Na4 Bxb2 20.Qxb2 Qb4 21.Rxc8 Rxc8 22.Rc1 Rc6
23.g3 h6 24.Kf2 a5 25.Rc3 Qb5 26.Rxc6 Qxc6 27.Qc3 Qe8 28.Kg1 Qh5 29.Qd2 b5
30.Nc5 Bd5 31.Na6 Kf7 32.Nc7 Qf3 33.Nxb5 g5 34.Qf2 Qd1+ 35.Kg2 f4 36.Nd6+ Ke7
37.gxf4 Qg4+ 38.Qg3 Qe2+ 39.Kg1 Qd1+ 40.Kf2 Qd2+ 41.Kf1 Qd1+  1/2-1/2

[Event "Montilla"]
[Site "Montilla"]
[Date "1976.??.??"]
[Round "2"]
[White "Fraguela Gil, Jose Miguel"]
[Black "Calvo Minguez, Ricardo"]
[Result "0-1"]
[WhiteElo "2380"]
[BlackElo "2435"]

1.Nf3 d5 2.c4 d4 3.g3 Nc6 4.d3 e5 5.Bg2 Bb4+ 6.Nbd2 a5 7.O-O Nge7 8.a3 Bd6
9.Qc2 Ng6 10.b3 O-O 11.c5 Be7 12.Rb1 Be6 13.Rb2 Qd7 14.b4 axb4 15.axb4 Bh3
16.Nc4 Bxg2 17.Kxg2 Bf6 18.Rd1 Nce7 19.b5 Nd5 20.Bd2 Rfd8 21.b6 c6 22.Ra2 Be7
23.Rxa8 Rxa8 24.Nfxe5 Nxe5 25.Nxe5 Qe6 26.Nf3 Ra2 27.Qc4 Nc3 28.Qxe6 fxe6
29.Bxc3 dxc3 30.d4 Rxe2 31.Rc1 e5 32.Kf1 Re4 33.Rxc3 exd4 34.Rc4 Bf6 35.Ra4 Kf7
36.Ra7 Re7 37.Nd2 Ke6 38.Ne4 Kd5 39.f3 d3 40.Ke1 Bc3+ 41.Kd1 Bb4 42.Ra8 Kc4
43.Rc8 Bxc5 44.Nxc5 Kxc5 45.Rc7 Kd6 46.Rxe7 Kxe7 47.Kd2 Kd6 48.f4 Kc5  0-1

[Event "Kringsja"]
[Site "Oslo"]
[Date "1976.??.??"]
[Round "3"]
[White "Spassov, Liuben"]
[Black "Flesch, Janos"]
[Result "1/2-1/2"]
[WhiteElo "2490"]
[BlackElo "2390"]

1.Nf3 d5 2.c4 dxc4 3.e3 c5 4.Bxc4 Nc6 5.d4 cxd4 6.exd4 e6 7.O-O Nf6 8.Nc3 Be7
9.Bg5 O-O 10.Re1 a6 11.a3 b5 12.Ba2  1/2-1/2

[Event "Kringsja"]
[Site "Oslo"]
[Date "1976.??.??"]
[Round "5"]
[White "Ornstein, Axel"]
[Black "Bednarski, Jacek B"]
[Result "1/2-1/2"]
[WhiteElo "2470"]
[BlackElo "2425"]

1.Nf3 d5 2.c4 c6 3.e3 Nf6 4.Nc3 e6 5.b3 Nbd7 6.Bb2 Bd6 7.Be2 Qe7 8.Qc2 O-O
9.a3 a6 10.cxd5 cxd5 11.Nd4 Ne5 12.f4 Nc6 13.Nxc6 bxc6 14.Na4 c5 15.Nb6 Rb8
16.Nxc8 Rfxc8 17.Bxa6 Rc6 18.Bd3 Rcb6 19.b4 cxb4 20.axb4 Rxb4 21.Bc3 R4b7
22.O-O e5 23.Ra6 d4 24.fxe5 Qxe5 25.Rxd6 dxc3  1/2-1/2

[Event "Kringsja"]
[Site "Oslo"]
[Date "1976.??.??"]
[Round "7"]
[White "Heiberg, T."]
[Black "Harestad, Thor Geir"]
[Result "1/2-1/2"]
[WhiteElo "2200"]
[BlackElo "2320"]

1.Nf3 d5 2.c4 c6 3.cxd5 cxd5 4.d4 Nf6 5.g3 Nc6 6.Bg2 e6 7.O-O Bd6 8.Nc3 O-O
9.Bg5 Be7 10.Rc1 h6 11.Bxf6 Bxf6 12.Qd2 Qb6 13.e3 Na5 14.Na4 Qd8 15.b3 b6
16.Rc2 Bd7 17.Nb2 Rc8 18.Rfc1 Rxc2 19.Rxc2 Qb8 20.Nd3 Rc8 21.Nde5 Qd6 22.h4 Rxc2
23.Qxc2 Nc6 24.Nxd7 Qxd7 25.Qd2 Qd8 26.Ne1 Be7 27.Nd3 a5 28.Bf3 Qc7 29.Qc1 Bd6
30.Kg2 Qd7 31.a4 Na7 32.Qc3 Kf8 33.e4 dxe4 34.Bxe4 Nc8 35.d5 exd5 36.Bxd5 Ne7
37.Bf3  1/2-1/2

[Event "Kringsja"]
[Site "Oslo"]
[Date "1976.??.??"]
[Round "8"]
[White "Harestad, Thor Geir"]
[Black "Hauge, Tor Arne"]
[Result "1/2-1/2"]
[WhiteElo "2320"]
[BlackElo "2200"]

1.Nf3 d5 2.c4 e6 3.b3 Nf6 4.g3 c5 5.Bg2 Nc6 6.O-O Be7 7.Bb2 dxc4 8.bxc4 Qb6
9.Qc2 Bd7 10.Nc3 Rd8 11.Rab1 Qc7 12.Ba1 O-O 13.Qb2 b6 14.Rfd1 Nd4 15.Nxd4 cxd4
16.Nb5 Qxc4 17.Nxa7 Qxe2 18.Re1 Qa6 19.Qxb6 Qxa2 20.Qxd4 Ba4 21.Qf4 Bc2 22.Rb2 Qxa7
23.Rxc2 Rc8 24.Bc3 Qd7 25.Ra2 Rfd8 26.Rb1 Rf8 27.Rb7 Qd6 28.Qa4 Qd8 29.Qb3 Bc5
30.Qb2 Be7 31.Ra4 Bc5 32.h3 Be7 33.Qb1 Bc5 34.Rh4 h6 35.Ra4 Be7 36.Rd4 Qe8
37.Rd3 Rb8 38.g4 Rxb7 39.Qxb7 Bc5 40.Qf3 Be7 41.Qf4 Qb8 42.Qxb8 Rxb8 43.Kh2 Rd8
44.Rxd8+ Bxd8 45.Bc6 Bc7+ 46.Kg2 Bd6 47.Kf3 Kf8 48.Ke3 Ke7 49.f4 g6 50.Kf3 h5
51.Bd4 hxg4+ 52.hxg4 Nd7  1/2-1/2

[Event "Pernik"]
[Site "Pernik"]
[Date "1976.??.??"]
[Round "5"]
[White "Spiridonov, Nikola"]
[Black "Onat, Ilhan"]
[Result "1-0"]
[WhiteElo "2490"]
[BlackElo "2355"]

1.Nf3 d5 2.c4 d4 3.g3 Nc6 4.d3 e5 5.Bg2 Bb4+ 6.Nbd2 a5 7.O-O Nf6 8.a3 Be7
9.b3 O-O 10.Bb2 Nd7 11.e3 Nc5 12.exd4 exd4 13.Ne1 Bf5 14.Ne4 Qd7 15.Nxc5 Bxc5
16.Nf3 Bh3 17.Qd2 Bxg2 18.Kxg2 Rae8 19.Rae1 Qd6 20.Qc1 f5 21.Rxe8 Rxe8 22.Re1 Rf8
23.h3 f4 24.g4 h5 25.Re4 hxg4 26.hxg4 Qg6 27.g5 Qf5 28.Qh1 Qg4+ 29.Kf1 Ne7
30.Qg2 Qh5 31.Bxd4 Bxa3 32.Be5 Ng6 33.Bxc7 Bb4 34.Ke2 a4 35.bxa4 Ra8 36.Bxf4 Rxa4
37.Bg3 Ra1 38.d4 Re1+ 39.Kd3 Rxe4 40.Kxe4 Qg4+ 41.Ke3 Qe6+ 42.Ne5 Nxe5 43.Bxe5 Qxc4
44.f4 b5 45.Qe2 Qd5 46.Qc2 Bf8 47.Qe4 Qb3+ 48.Ke2 Qc4+ 49.Kf3 Qb3+ 50.Kg4 Qc4
51.g6 b4 52.Qg2 Be7 53.Qh2 Kf8 54.Qh8+  1-0

[Event "Vitrobud op"]
[Site "Sandomierz"]
[Date "1976.??.??"]
[Round "7"]
[White "Manasterski, Lutoslaw"]
[Black "Bernard, Ryszard"]
[Result "0-1"]
[WhiteElo "2340"]
[BlackElo "2360"]

1.Nf3 d5 2.c4 dxc4 3.e3 e6 4.Bxc4 Nf6 5.O-O c5 6.d4 a6 7.a4 Nc6 8.Nc3 Be7
9.b3 O-O 10.Bb2 cxd4 11.exd4 Nb4 12.Qe2 b6 13.Ne5 Bb7 14.Rfd1 Nbd5 15.Ne4 Nf4
16.Nxf6+ Bxf6 17.Qg4 Nd5 18.Rac1 Rc8 19.Rd3 b5 20.axb5 axb5 21.Bxd5 Qxd5
22.Rcd1 Rfd8 23.Qf3 Qxf3 24.Nxf3 Rc2 25.R1d2 Rxd2 26.Nxd2 Ra8 27.f3 Ra2 28.Bc3 Be7
29.Ne4 Bd5 30.Nc5 f5 31.Rd2 Ra7 32.Rd1 Kf7 33.Ra1 Rxa1+ 34.Bxa1 e5 35.b4 e4
36.fxe4 Bxe4 37.Bc3 Bd5 38.Kf2 Bd6 39.g3 g5 40.Bd2 h6 41.Nd3 Bc4 42.Ne5+ Ke6
43.Ke3 Bd5 44.h4 f4+ 45.gxf4 gxh4 46.Be1 h3 47.Ng4 h5 48.Nh2 Kf5  0-1

[Event "Vitrobud op"]
[Site "Sandomierz"]
[Date "1976.??.??"]
[Round "10"]
[White "Nowak, Ignacy"]
[Black "Borkowski, Franciszek"]
[Result "1/2-1/2"]
[WhiteElo "2295"]
[BlackElo "2350"]

1.Nf3 d5 2.c4 c6 3.e3 Nf6 4.b3 Bg4 5.Bb2 e6 6.Be2 Nbd7 7.O-O Bd6 8.d3 O-O
9.Nbd2 h6 10.Nh4 Bxe2 11.Qxe2 b5 12.Nhf3 Qe7 13.Nd4 bxc4 14.bxc4 Rfc8 15.Rfc1 Ba3  1/2-1/2

[Event "Hoogovens-B"]
[Site "Wijk aan Zee"]
[Date "1976.??.??"]
[Round "6"]
[White "Szmetan, Jorge"]
[Black "Farago, Ivan"]
[Result "1/2-1/2"]
[WhiteElo "2450"]
[BlackElo "2420"]

1.Nf3 d5 2.c4 e6 3.d4 Nf6 4.cxd5 exd5 5.Nc3 c6 6.Bg5 Be7 7.Qc2 g6 8.e3 Bf5
9.Bd3 Bxd3 10.Qxd3 Nbd7 11.O-O O-O 12.Rab1 a5 13.a3 Kg7 14.Rfc1 Ne4 15.Bf4 f5
16.Ne5 Bd6 17.Nxd7 Qxd7 18.Na4 Bxf4 19.exf4 Qd6 20.f3 Nf6 21.Qd2 Nd7 22.g3 Rfe8
23.Kf2 Kf7 24.Qc3 Rac8 25.b4 axb4 26.Qxb4 Qxb4 27.Rxb4 b5 28.Nb2 Re6 29.a4 bxa4
30.Rxa4 c5 31.Ra7 Re7 32.Ra5 Rb8 33.Rc2 cxd4 34.Rxd5 Rb4 35.Nd3 Rb1 36.Rxd4 Rb7
37.g4 fxg4 38.fxg4 Kg7 39.Re2 Rxe2+ 40.Kxe2 Nf6 41.Kf3 Rd7 42.Rxd7+ Nxd7
43.h3 Kf6 44.Ke4 Ke6 45.Kd4 Nb6 46.Nc5+ Kf7 47.g5 Nc8 48.Ke5 Ne7 49.Ne4 Nc6+
50.Kd5 Ne7+ 51.Kd6 h6 52.Ke5 hxg5 53.Nd6+ Kg7 54.fxg5 Nc6+ 55.Kd5 Ne7+ 56.Ke6 Nc6
57.Ne8+ Kf8 58.Nc7 Kg7 59.Kd6 Nb4 60.Nd5 Nd3 61.Ke6 Nf2 62.h4 Ne4 63.Nf6 Nd2
64.Ne8+  1/2-1/2

[Event "IBM"]
[Site "Amsterdam"]
[Date "1977.??.??"]
[Round "9"]
[White "Liberzon, Vladimir M"]
[Black "Ree, Hans"]
[Result "0-1"]
[WhiteElo "2550"]
[BlackElo "2460"]

1.Nf3 d5 2.c4 d4 3.b4 f6 4.e3 e5 5.exd4 e4 6.Nh4 Qxd4 7.Nc3 Nh6 8.Rb1 Nc6
9.Bb2 Nxb4 10.Nd5 Nd3+ 11.Bxd3 Qxd3 12.Rc1 Bg4 13.f3 exf3 14.gxf3 O-O-O 15.Rc3 Qd4
16.Ng2 Bh3 17.Rc2 Re8+ 18.Nde3 Qd3 19.Rc3 Qd7 20.O-O Bc5 21.Kh1 Nf5 22.Nxf5 Bxf5
23.Ne3 Bg6 24.Ba3 Bd4 25.Rb3 Qh3 26.Qe2 Bc2 27.Rb2 Bxb2 28.Bxb2 Re6 29.Rg1 Bg6
30.Qf2 Rd8 31.Nd5 Qf5 32.Bc3 c6 33.Ne3 Qd3 34.Rc1 Kb8 35.Qg3+ Ka8 36.Qc7 Qd7
37.Qa5 Rde8 38.c5 Rxe3 39.dxe3 Qh3 40.Kg1 Qxf3  0-1

[Event "URS-FL"]
[Site "Baku"]
[Date "1977.??.??"]
[Round "7"]
[White "Kochyev, Alexander"]
[Black "Pereszupkin, Alexander"]
[Result "1/2-1/2"]
[WhiteElo "2490"]
[BlackElo "2395"]

1.Nf3 d5 2.c4 c6 3.d4 Nf6 4.e3 g6 5.Bd3 Bg7 6.O-O O-O 7.Nc3 Bg4 8.Qb3 Qb6
9.Qxb6 axb6 10.cxd5 Bxf3 11.gxf3 Nxd5 12.Nxd5 cxd5 13.f4 Nc6 14.Bd2 Rfc8
15.Rfc1 e6 16.Kf1 Bf8 17.Ke2 Nb4 18.Rxc8 Rxc8 19.Bxb4 Bxb4  1/2-1/2

[Event "URS-FL"]
[Site "Baku"]
[Date "1977.??.??"]
[Round "9"]
[White "Kochyev, Alexander"]
[Black "Petrosian, Arshak B"]
[Result "1/2-1/2"]
[WhiteElo "2490"]
[BlackElo "2345"]

1.Nf3 d5 2.c4 d4 3.e3 Nc6 4.exd4 Nxd4 5.Nxd4 Qxd4 6.Nc3 e5 7.d3 Ne7 8.Qe2 c6
9.Be3 Qd6 10.Ne4 Qb4+ 11.Nc3 Qd6 12.Ne4 Qb4+ 13.Nc3  1/2-1/2

[Event "URS-FL"]
[Site "Baku"]
[Date "1977.??.??"]
[Round "14"]
[White "Kochyev, Alexander"]
[Black "Bagirov, Vladimir"]
[Result "1/2-1/2"]
[WhiteElo "2490"]
[BlackElo "2480"]

1.Nf3 d5 2.c4 c6 3.e3 Nf6 4.d4 e6 5.Bd3 Nbd7 6.Nbd2 Bd6 7.e4 dxe4 8.Nxe4 Nxe4
9.Bxe4 h6 10.O-O O-O 11.b3 e5 12.dxe5 Nxe5 13.Bb2 Nxf3+ 14.Bxf3 Bc7 15.Qxd8 Rxd8
16.Rad1 Bf5 17.Rxd8+ Rxd8 18.Rd1 Rxd1+ 19.Bxd1  1/2-1/2

[Event "Birmingham"]
[Site "Birmingham"]
[Date "1977.??.??"]
[Round "10"]
[White "Rukavina, Josip"]
[Black "Soos, Bela"]
[Result "1/2-1/2"]
[WhiteElo "2410"]
[BlackElo "2435"]

1.Nf3 d5 2.c4 c6 3.cxd5 cxd5 4.d4 Nc6 5.Nc3 Nf6 6.Bf4 e6 7.e3 Bd6 8.Bg3 O-O
9.Bd3 b6 10.Rc1 Bb7 11.a3 Rc8 12.O-O Bxg3 13.hxg3 Qe7 14.Qe2 Rfd8  1/2-1/2

[Event "Tungsram"]
[Site "Budapest"]
[Date "1977.??.??"]
[Round "?"]
[White "Vadasz, Laszlo"]
[Black "Rajna, George"]
[Result "1-0"]
[WhiteElo "2495"]
[BlackElo "2395"]

1.Nf3 d5 2.c4 d4 3.e3 c5 4.b4 Bg4 5.exd4 cxd4 6.h3 Bf5 7.Bb2 d3 8.Ne5 Nf6
9.Qf3 Be4 10.Qe3 e6 11.a3 Nc6 12.Nxc6 bxc6 13.Bxf6 Qxf6 14.Qxe4 Qxa1 15.Qxc6+ Ke7
16.Qb7+ Kf6 17.Qf3+ Ke7 18.Bxd3 Rd8 19.O-O Qd4 20.Be2 g6 21.Nc3 Bh6 22.Nb5 Qf4
23.Nxa7 Rxd2 24.c5 Qxf3 25.Bxf3 Ra2 26.b5 Rxa3 27.b6 Bf4 28.Rb1 Rc3 29.c6 Rb8
30.g3 Be5 31.Kg2 Rc2 32.Rb5 Bd4 33.c7 Rxf2+ 34.Kh1 Rxf3 35.Nc6+ Kd7 36.Nxd4 Rxb6
37.Rxb6 Rxg3 38.Rc6 Kc8 39.Nb5  1-0

[Event "YMCA"]
[Site "Buenos Aires"]
[Date "1977.??.??"]
[Round "6"]
[White "Garcia, Raimundo"]
[Black "Rossetto, Hector"]
[Result "1-0"]
[WhiteElo "2435"]
[BlackElo "2410"]

1.Nf3 d5 2.c4 e6 3.g3 Nf6 4.Bg2 Nbd7 5.b3 c6 6.Bb2 Be7 7.O-O b6 8.Nc3 Bb7
9.d4 O-O 10.Qc2 Qc7 11.e4 Rfc8 12.Rfe1 Qd8 13.Rad1 Qf8 14.Ne5 Bb4 15.Nxd7 Nxd7
16.Qc1 Nf6 17.a3 Be7 18.Qa1 Rd8 19.e5 Ne8 20.cxd5 cxd5 21.Bf1 Rdc8 22.Bd3 g6
23.Rc1 f5 24.Ne2 Ng7 25.Rxc8 Rxc8 26.Rc1 g5 27.Rxc8 Qxc8 28.Qc1 Kf7 29.Qxc8 Bxc8
30.Nc3 Ne8 31.Kf1 Nc7 32.b4 Bd7 33.b5 h6 34.Ke1 Be8 35.Kd2 Kf8 36.Kc2 Bh5
37.Kb3 Ke8 38.a4 Kd7 39.Ba3 Bxa3 40.Kxa3 Kc8 41.Na2 Be8 42.Be2 Kd8 43.Nb4 Ke7
44.Na2 Kd8 45.Kb2 Ke7 46.Nc3 Kd8 47.Nd1 Ke7 48.Ne3 Bf7 49.Ng2 Be8 50.h3 Bg6
51.f4 gxf4 52.Nxf4 Be8 53.Kc3 Bf7 54.Kd2 Ne8 55.Ke3 Ng7 56.Kf2 Be8 57.g4 fxg4
58.hxg4 Bf7 59.Kg3 Ne8 60.Kh4 Nc7 61.g5 hxg5+ 62.Kxg5 Be8 63.Kh6 Kf8 64.Bd3 Bf7
65.Bg6 a6 66.a5 Nxb5 67.axb6 Nxd4 68.Bd3 Ke7 69.b7 Nc6 70.Bxa6 Nb8 71.Bb5 d4
72.Ne2 Be8 73.Bxe8 Kxe8 74.Nxd4 Kd7 75.Kg7 Kc7 76.Nxe6+ Kxb7 77.Nd4 Na6 78.e6 Nc7
79.e7 Kc8 80.Kf7 Kb7 81.Ne6 Nb5 82.Kf8  1-0

[Event "Club Argentino"]
[Site "Buenos Aires"]
[Date "1977.??.??"]
[Round "9"]
[White "Schweber, Samuel"]
[Black "Rossetto, Hector"]
[Result "1/2-1/2"]
[WhiteElo "2445"]
[BlackElo "2410"]

1.Nf3 d5 2.c4 c6 3.b3 Bg4 4.e3 e6 5.Bb2 Nd7 6.Be2 Ngf6 7.h3 Bh5 8.O-O Be7
9.d3 O-O 10.Nbd2 Qc7 11.Rc1 Rfd8 12.Qc2 a5 13.a3 h6 14.Qb1 Bg6 15.cxd5 Nxd5
16.Qa1 Bf6 17.Bxf6 N5xf6 18.d4 Bh5 19.Rfd1 Bxf3 20.Nxf3 Qb6  1/2-1/2